000 00443nam a22001817a 4500
003 LK-CoMWRAF
005 20231025230812.0
008 231025b |||||||| |||| 00| 0 eng d
040 _aLK-CoMWRAF
_dLK-CoMWRAF
_eLK-CoMWRAF
041 _aeng
082 _a823
_bMAU
100 _aMaurier, Daphne Du
245 _aThe Parasites
260 _aLondon :
_bVictor Gollancz,
_c1949
300 _a350p
650 _aEnglish Fiction
942 _cBK
999 _c4002
_d4002